000 01339nam a2200337 a 4500
001 000013498
003 DO-SdBNP
005 20160607100425.0
007 000013498
008 150130s2012 dr ac 000 0 spa d
020 _a9789945173987
040 _aBPMSU
_bspa
_cBPMSU
092 _axxxx
_bxxxx
245 0 0 _aLengua española 7 :
_beducación básica /
_ccoordinación editorial Anna Rogero Soler ; ilustraciones Ricardo Rossi...[et al].
260 _aSanto Domingo :
_bSM,
_c2012.
300 _a199 p. :
_bil., retrs. ;
_c29 cm.
490 1 _aProyecto Sé
505 1 _tTe contaré sobre mí --
_tMi voz entre tantas otras --
_tDos son más que uno --
_t...¿y por qué? --
_tSoñar para creer --
_tSoy responsable --
_tAbajo las fronteras --
_tLeer nos hace grandes --
_tHoy por ti... --
_tEl mundo en mis manos.
700 1 2 _aRogero Soler, Anna,
_e ed.
700 1 2 _aRossi, Ricardo,
_eil.
700 1 2 _aMazali, Gustavo,
_eil.
830 0 _pProyecto Sé
930 1 _lBND01
_mLF1
_820091125
_f01
_pOI
_g8374
930 1 _lBND01
_mLF1
_820091125
_f01
_pHD
_g8373
930 1 _lBND01
_mLF1
_820091125
_f01
_pOI
_g8373
942 _2ddc
_cBK
956 _aJPARRA
_b10
_c20091125
_lBND01
_h1005
956 _aYLOCKWARD
_b10
_c20150803
_lBND01
_h1349
956 _aVMATEO
_b10
_c20150805
_lBPMSU
_h00151
956 _aLOPEREZ
_b10
_c20161105
_lBPMSU
_h00041
999 _c9503
_d9503